| 000 | nam a22 a 4500 | ||
|---|---|---|---|
| 999 |
_c4769 _d4769 |
||
| 005 | 20180913114059.0 | ||
| 008 | 180913|2018 my ||||| |||| 00| 0 eng d | ||
| 020 |
_a9789677011694 _cRM 40.00 |
||
| 040 | _aAKMAL | ||
| 082 | _a343.5950553 MAL | ||
| 090 |
_a343.5950553 _b MAL |
||
| 245 |
_aAkta Eksais Dan Peraturan-Peraturan _bAkta 176 |
||
| 260 |
_aPudu, Kuala Lumpur _bMDC Publishers Sdn Bhd _c2018 |
||
| 300 |
_b206 m.s _c26cm |
||
| 599 | _aDALAM PROSES | ||
| 650 |
_aakta dan peraturan-peraturan _98370 |
||
| 942 |
_2ddc _cBOOK |
||